Normal view
MARC view
Entry Personal Name
001 - CONTROL NUMBER
- control field: 10289
003 - CONTROL NUMBER IDENTIFIER
- control field: BD-RjUL
005 - DATE AND TIME OF LATEST TRANSACTION
- control field: 20231203115148.0
008 - FIXED-LENGTH DATA ELEMENTS
- fixed length control field: 231203|| aca||aabn | a|a d
040 ## - CATALOGING SOURCE
- Original cataloging agency: BD-RjUL
- Transcribing agency: BD-RjUL
100 ## - HEADING--PERSONAL NAME
- Personal name: Brückner, Reinhard,
- Dates associated with a name: 1955-
670 ## - SOURCE DATA FOUND
- Source citation: Work cat.: (BD-RjUL)82388: Brückner, Reinhard, 1955-, Organic mechanisms :, c2010.